000
00259nam a2200097Ia 4500
001
681557
005
20250826161402.0
008
250824s9999 xx 000 0 und d
245
0
_a
İNSAN NE İLE YAŞAR
_c
LEV NİKOLAYEVİÇ TOLSTOY
260
_b
AKVARYUM YAYINEVİ
999
_c
681557
_d
681557